[Event "SVK-chT1W 2223"]
[Site "Slovakia"]
[Date "2022.12.04"]
[Round "6.4"]
[White "Ruckschloss, Karol"]
[Black "Kukucka, Matej"]
[Result "0-1"]
[WhiteElo "2196"]
[BlackElo "2108"]
[PlyCount "38"]
[EventDate "2022.10.15"]
[EventType "team-tourn"]
[EventRounds "11"]
[EventCountry "SVK"]
[SourceTitle "EXT 2024"]
[Source "ChessBase"]
[SourceDate "2023.10.10"]
[SourceVersion "1"]
[SourceVersionDate "2023.10.10"]
[SourceQuality "1"]
[WhiteTeam "Bratislava Slovan III"]
[BlackTeam "Bratislava Lokomotiva"]
[WhiteTeamCountry "SVK"]
[BlackTeamCountry "SVK"]

1. c4 e5 2. g3 Nc6 3. Bg2 f5 4. d3 Nf6 5. Nc3 Bb4 6. e3 Bxc3+ 7. bxc3 d6 8. Rb1 0-0 9. Qa4 e4 10. d4 Bd7 11. Qa3 b6 12. Ne2 Na5 13. c5 dxc5 14. dxc5 Be6 15. 0-0 Bc4 16. Re1 Nd7 17. cxb6 axb6 18. Nf4 Ne5 19. h4 Nac6 0-1

[Event "SVK-chT1W 2223"]
[Site "Slovakia"]
[Date "2022.12.03"]
[Round "5.2"]
[White "Kukelko, Alexey"]
[Black "Kukucka, Matej"]
[Result "1-0"]
[WhiteElo "2285"]
[BlackElo "2108"]
[PlyCount "49"]
[EventDate "2022.10.15"]
[EventType "team-tourn"]
[EventRounds "11"]
[EventCountry "SVK"]
[SourceTitle "EXT 2024"]
[Source "ChessBase"]
[SourceDate "2023.10.10"]
[SourceVersion "1"]
[SourceVersionDate "2023.10.10"]
[SourceQuality "1"]
[WhiteTeam "Bratislava Doprastav"]
[BlackTeam "Bratislava Lokomotiva"]
[WhiteTeamCountry "SVK"]
[BlackTeamCountry "SVK"]

1. e4 c5 2. Nf3 Nc6 3. Nc3 e5 4. Bc4 Be7 5. d3 Nf6 6. Ng5 0-0 7. f4 d6 8. 0-0 Nd4 9. h3 a6 10. g4 b5 11. Bxf7+ Rxf7 12. Nxf7 Kxf7 13. fxe5 dxe5 14. g5 Kg8 15. gxf6 Bxf6 16. Nd5 Bxh3 17. Nxf6+ gxf6 18. Rf2 Kh8 19. Kh2 Qd7 20. Qh5 Bg4 21. Qh6 Nf3+ 22. Rxf3 Bxf3 23. Qxf6+ Qg7 24. Qxf3 Rf8 25. Qg3 1-0

[Event "SVK-chT1W 2223"]
[Site "Slovakia"]
[Date "2022.11.05"]
[Round "3.3"]
[White "Kukucka, Matej"]
[Black "Bochnicka, Vladimir1111"]
[Result "0-1"]
[WhiteElo "2108"]
[BlackElo "2350"]
[PlyCount "86"]
[EventDate "2022.10.15"]
[EventType "team-tourn"]
[EventRounds "11"]
[EventCountry "SVK"]
[SourceTitle "EXT 2024"]
[Source "ChessBase"]
[SourceDate "2023.10.10"]
[SourceVersion "1"]
[SourceVersionDate "2023.10.10"]
[SourceQuality "1"]
[WhiteTeam "Bratislava Lokomotiva"]
[BlackTeam "Bratislava KSN"]
[WhiteTeamCountry "SVK"]
[BlackTeamCountry "SVK"]

1. d4 Nf6 2. c4 g6 3. Nc3 Bg7 4. e4 d6 5. f4 c5 6. d5 0-0 7. Nf3 e6 8. Bd3 exd5 9. cxd5 b5 10. Bxb5 Nxe4 11. Nxe4 Qa5+ 12. Nc3 Bxc3+ 13. bxc3 Qxb5 14. Kf2 Nd7 15. Re1 Nf6 16. Qb3 Qd3 17. c4 Bf5 18. Bb2 Ng4+ 19. Kg1 Rab8 20. Qc3 Qxc3 21. Bxc3 Rfe8 22. Nd2 Ne3 23. Rac1 Bd3 24. Ba5 Nf5 25. Bc3 Kf8 26. Kf2 h5 27. g3 Rb6 28. h3 Rxe1 29. Rxe1 Nd4 30. Re3 Bf5 31. Bxd4 cxd4 32. Ra3 Rb7 33. h4 Re7 34. Rb3 d3 35. Nf3 Re2+ 36. Kf1 Bh3+ 37. Kg1 d2 38. Nxd2 Rxd2 39. Ra3 Rg2+ 40. Kh1 Rc2 41. Rxa7 Rxc4 42. Ra6 Ke7 43. Ra7+ Bd7 0-1

[Event "SVK-chT1W 2122"]
[Site "Slovakia"]
[Date "2022.03.19"]
[Round "5.3"]
[White "Dudas, Jan"]
[Black "Kukucka, Matej"]
[Result "1/2-1/2"]
[WhiteElo "2199"]
[BlackElo "2099"]
[PlyCount "32"]
[EventDate "2021.11.06"]
[EventType "team-tourn"]
[EventRounds "11"]
[EventCountry "SVK"]
[SourceTitle "EXT 2023"]
[Source "ChessBase"]
[SourceDate "2022.10.05"]
[SourceVersion "1"]
[SourceVersionDate "2022.10.05"]
[SourceQuality "1"]
[WhiteTeam "Bratislava Doprastav"]
[BlackTeam "Bratislava Lokomotiva"]
[WhiteTeamCountry "SVK"]
[BlackTeamCountry "SVK"]

1. c4 e5 2. g3 Nc6 3. Bg2 f5 4. Nc3 Nf6 5. d3 Bb4 6. e3 Bxc3+ 7. bxc3 d6 8. Rb1 0-0 9. Ne2 e4 10. d4 Na5 11. c5 dxc5 12. Ba3 b6 13. 0-0 Ba6 14. Re1 Nd5 15. Rc1 Qd7 16. dxc5 Rfd8 1/2-1/2

[Event "Prague op-A 20th"]
[Site "Prague"]
[Date "2022.01.13"]
[Round "8"]
[White "Oye Stromberg, Alexander"]
[Black "Kukucka, Matej"]
[Result "1-0"]
[WhiteElo "2238"]
[BlackElo "2104"]
[PlyCount "83"]
[EventDate "2022.01.07"]
[EventType "swiss"]
[EventRounds "9"]
[EventCountry "CZE"]
[SourceTitle "CBM 206 Extra"]
[Source "ChessBase"]
[SourceDate "2022.03.31"]
[SourceVersion "1"]
[SourceVersionDate "2022.03.31"]
[SourceQuality "1"]

1. e4 e6 2. d4 d5 3. Nd2 a6 4. Ngf3 c5 5. exd5 exd5 6. dxc5 Bxc5 7. Nb3 Bb6 8. Be2 Nf6 9. 0-0 0-0 10. Nbd4 Nc6 11. h3 Qd6 12. Be3 Bc7 13. Re1 Ne4 14. Bd3 f5 15. Nxc6 bxc6 16. c4 Re8 17. c5 Qf8 18. b4 Bd7 19. Bd4 a5 20. a3 h6 21. Bb2 Qf7 22. Qc2 Re7 23. Nd4 Rae8 24. b5 Nxc5 25. Rxe7 Qxe7 26. bxc6 Nxd3 27. Qxd3 Bc8 28. Nb5 Qe1+ 29. Qf1 Qxf1+ 30. Rxf1 Be5 31. Bxe5 Rxe5 32. Nd6 Ba6 33. c7 Re2 34. c8Q+ Bxc8 35. Nxc8 Ra2 36. Ne7+ Kf7 37. Nxd5 Rxa3 38. Re1 a4 39. Nb6 Ra2 40. g3 a3 41. Nc4 Kf6 42. Kg2 1-0

[Event "Prague op-A 20th"]
[Site "Prague"]
[Date "2022.01.12"]
[Round "7"]
[White "Kukucka, Matej"]
[Black "Blahynka, Martin"]
[Result "0-1"]
[WhiteElo "2104"]
[BlackElo "2391"]
[PlyCount "54"]
[EventDate "2022.01.07"]
[EventType "swiss"]
[EventRounds "9"]
[EventCountry "CZE"]
[SourceTitle "CBM 206 Extra"]
[Source "ChessBase"]
[SourceDate "2022.03.31"]
[SourceVersion "1"]
[SourceVersionDate "2022.03.31"]
[SourceQuality "1"]

1. d4 Nf6 2. c4 e6 3. Nc3 Bb4 4. e3 0-0 5. Bd3 d5 6. Nf3 b6 7. 0-0 Bb7 8. cxd5 exd5 9. Bd2 Re8 10. Ne5 Bd6 11. f4 c5 12. Qf3 Nbd7 13. g4 Ne4 14. Nxe4 dxe4 15. Bxe4 Bxe4 16. Qxe4 Nxe5 17. fxe5 Bxe5 18. dxe5 Qxd2 19. Rf2 Qd8 20. Raf1 Re7 21. Qc4 Qd7 22. Rf5 Rf8 23. Qf4 Qe6 24. Rh5 Qxa2 25. Qf5 h6 26. g5 g6 27. Qf6 Re6 0-1

[Event "Prague op-A 20th"]
[Site "Prague"]
[Date "2022.01.09"]
[Round "4"]
[White "Unneland, Mathias"]
[Black "Kukucka, Matej"]
[Result "1/2-1/2"]
[WhiteElo "2262"]
[BlackElo "2104"]
[PlyCount "104"]
[EventDate "2022.01.07"]
[EventType "swiss"]
[EventRounds "9"]
[EventCountry "CZE"]
[SourceTitle "CBM 206 Extra"]
[Source "ChessBase"]
[SourceDate "2022.03.31"]
[SourceVersion "1"]
[SourceVersionDate "2022.03.31"]
[SourceQuality "1"]

1. c4 e6 2. d4 d5 3. Nf3 a6 4. cxd5 exd5 5. Nc3 c6 6. Qc2 Nf6 7. Bg5 Be6 8. e3 h6 9. Bh4 Nbd7 10. Bd3 Bd6 11. 0-0 0-0 12. Bg3 Bxg3 13. hxg3 Re8 14. Rfc1 Rc8 15. Rab1 c5 16. dxc5 Nxc5 17. Bf5 Nce4 18. Bxe6 fxe6 19. Qb3 Qe7 20. Rc2 Nxc3 21. Rxc3 Ne4 22. Rc2 Rc7 23. Nd2 Rxc2 24. Qxc2 Nxd2 25. Qxd2 Rc8 26. e4 Qc5 27. Rd1 dxe4 28. Qd7 Qc6 29. Qd4 Qc2 30. Re1 Qd3 31. Qb4 e3 32. Rxe3 Rc1+ 33. Re1 Rxe1+ 34. Qxe1 Qd5 35. a3 Kf7 36. Qe2 Ke7 37. Qg4 Kf6 38. Qe2 Qb3 39. Qd2 Qb5 40. Qd4+ Kf7 41. g4 Qc6 42. Kh2 Qb5 43. Kg3 e5 44. Qc3 Qd5 45. Kh2 e4 46. a4 Qd6+ 47. g3 Qd5 48. Qc2 g5 49. Qc7+ Kg6 50. Qe7 Qd4 51. Qe6+ Kg7 52. Qe7+ Kg6 1/2-1/2

[Event "Prague op-A 20th"]
[Site "Prague"]
[Date "2022.01.08"]
[Round "2"]
[White "Lim, Zhuo Ren"]
[Black "Kukucka, Matej"]
[Result "1-0"]
[WhiteElo "2311"]
[BlackElo "2104"]
[PlyCount "57"]
[EventDate "2022.01.07"]
[EventType "swiss"]
[EventRounds "9"]
[EventCountry "CZE"]
[SourceTitle "CBM 206 Extra"]
[Source "ChessBase"]
[SourceDate "2022.03.31"]
[SourceVersion "1"]
[SourceVersionDate "2022.03.31"]
[SourceQuality "1"]

1. d4 Nf6 2. c4 g6 3. g3 c6 4. Bg2 d5 5. Nf3 Bg7 6. 0-0 0-0 7. Qa4 dxc4 8. Qxc4 Bf5 9. Nc3 Ne4 10. Nh4 b5 11. Qb3 Nxc3 12. bxc3 Be6 13. Qc2 Bd5 14. e4 Bc4 15. Rd1 Nd7 16. Nf3 Nb6 17. h4 f5 18. h5 fxe4 19. Nh4 Bd3 20. Rxd3 exd3 21. Qxd3 Nd5 22. h6 Bf6 23. Nxg6 Rf7 24. Bd2 hxg6 25. Qxg6+ Kf8 26. h7 Ke8 27. Bh3 Nc7 28. Qg8+ Rf8 29. Bh6 1-0

[Event "Tatranska Lomnica Tatry op"]
[Site "Tatranska Lomnica"]
[Date "2021.10.06"]
[Round "6"]
[White "Kukucka, Matej"]
[Black "Sobek, Jaroslav"]
[Result "1/2-1/2"]
[WhiteElo "2096"]
[BlackElo "2192"]
[PlyCount "53"]
[EventDate "2021.10.02"]
[EventType "swiss"]
[EventRounds "9"]
[EventCountry "SVK"]
[SourceTitle "EXT 2023"]
[Source "ChessBase"]
[SourceDate "2022.10.05"]
[SourceVersion "1"]
[SourceVersionDate "2022.10.05"]
[SourceQuality "1"]

1. d4 Nf6 2. c4 c5 3. d5 e6 4. Nc3 exd5 5. cxd5 d6 6. e4 g6 7. f4 Bg7 8. Bb5+ Nfd7 9. Bd3 0-0 10. Nf3 Na6 11. 0-0 Nc7 12. Re1 f6 13. Nd2 b6 14. a4 a5 15. Nc4 Qe7 16. Ra3 Ba6 17. Rb3 Rab8 18. Be3 Rfe8 19. Bf2 Kh8 20. Na3 Bxd3 21. Qxd3 Qf7 22. Ncb5 Nxb5 23. Rxb5 f5 24. Nc4 fxe4 25. Rxe4 Rxe4 26. Qxe4 Re8 27. Qf3 1/2-1/2

[Event "Tatry op"]
[Site "Tatranske Zruby"]
[Date "2020.10.01"]
[Round "9"]
[White "Brhel, Jan"]
[Black "Kukucka, Matej"]
[Result "1/2-1/2"]
[WhiteElo "2018"]
[BlackElo "2104"]
[PlyCount "25"]
[EventDate "2020.09.26"]
[EventType "swiss"]
[EventRounds "9"]
[EventCountry "SVK"]
[SourceTitle "CBM 198 Extra"]
[Source "ChessBase"]
[SourceDate "2020.11.30"]
[SourceVersion "1"]
[SourceVersionDate "2020.11.30"]
[SourceQuality "1"]

1. d4 e6 2. c4 f5 3. Nc3 Nf6 4. Nf3 Be7 5. g3 0-0 6. Bg2 d6 7. 0-0 a5 8. Ne1 e5 9. dxe5 dxe5 10. Nd3 e4 11. Nf4 c6 12. Qxd8 Bxd8 13. Be3 1/2-1/2

[Event "Tatry op"]
[Site "Tatranske Zruby"]
[Date "2020.09.27"]
[Round "3"]
[White "Motuz, Karol"]
[Black "Kukucka, Matej"]
[Result "1-0"]
[WhiteElo "2348"]
[BlackElo "2104"]
[PlyCount "57"]
[EventDate "2020.09.26"]
[EventType "swiss"]
[EventRounds "9"]
[EventCountry "SVK"]
[SourceTitle "CBM 198 Extra"]
[Source "ChessBase"]
[SourceDate "2020.11.30"]
[SourceVersion "1"]
[SourceVersionDate "2020.11.30"]
[SourceQuality "1"]

1. d4 Nf6 2. c4 g6 3. Nc3 d5 4. cxd5 Nxd5 5. Bd2 Bg7 6. e4 Nb6 7. Be3 0-0 8. Bb5 f5 9. Nge2 a6 10. Bd3 Nc6 11. exf5 gxf5 12. Qb3+ Kh8 13. Rd1 f4 14. Nxf4 Nxd4 15. Qb4 e5 16. Nfe2 Nd5 17. Nxd5 Qxd5 18. f3 c5 19. Qa5 Be6 20. b3 Nxf3+ 21. gxf3 Qxf3 22. Kd2 Rfd8 23. Rhf1 Qe4 24. Nc1 b5 25. Bxc5 Qd5 26. Be7 Bh6+ 27. Ke1 Bxc1 28. Bxd8 Rxd8 29. Be2 1-0

[Event "SVK-ch rapid"]
[Site "Topolcany"]
[Date "2020.07.11"]
[Round "3"]
[White "Kukucka, Matej"]
[Black "Dziewonski, Dariusz"]
[Result "1-0"]
[WhiteElo "2072"]
[BlackElo "1661"]
[PlyCount "83"]
[EventDate "2020.07.11"]
[EventType "swiss (rapid)"]
[EventRounds "9"]
[EventCountry "SVK"]
[SourceTitle "CBM 197 Extra"]
[Source "ChessBase"]
[SourceDate "2020.09.30"]
[SourceVersion "1"]
[SourceVersionDate "2020.09.30"]
[SourceQuality "1"]

1. d4 d5 2. c4 e6 3. Nc3 Nf6 4. cxd5 exd5 5. Bg5 Be7 6. e3 c6 7. Qc2 Nbd7 8. Bd3 Nh5 9. Bxe7 Qxe7 10. Nge2 g6 11. h3 Nb6 12. 0-0-0 Be6 13. Kb1 0-0-0 14. Rc1 Kb8 15. Na4 Nxa4 16. Qxa4 Ng7 17. Rc3 Bf5 18. Nc1 h5 19. Ka1 Be4 20. Rg1 Nf5 21. Ra3 a6 22. Bxa6 bxa6 23. Qxa6 Kc7 24. Rc3 Qd7 25. Qa7+ Kd6 26. Qc5+ Ke6 27. f3 Nd6 28. fxe4 Nxe4 29. Qxc6+ Qxc6 30. Rxc6+ Kd7 31. Ra6 Ra8 32. Rxa8 Rxa8 33. Nd3 Re8 34. a3 f6 35. Nf4 Kd6 36. Nxg6 Nd2 37. Nf4 h4 38. Re1 Nb3+ 39. Ka2 Nd2 40. Ng6 Re4 41. b3 Kc6 42. Kb2 1-0

[Event "SVK-ch rapid"]
[Site "Topolcany"]
[Date "2020.07.11"]
[Round "6"]
[White "Manik, Mikulas"]
[Black "Kukucka, Matej"]
[Result "1/2-1/2"]
[WhiteElo "2358"]
[BlackElo "2072"]
[PlyCount "42"]
[EventDate "2020.07.11"]
[EventType "swiss (rapid)"]
[EventRounds "9"]
[EventCountry "SVK"]
[SourceTitle "CBM 197 Extra"]
[Source "ChessBase"]
[SourceDate "2020.09.30"]
[SourceVersion "1"]
[SourceVersionDate "2020.09.30"]
[SourceQuality "1"]

1. e4 c5 2. Nf3 Nc6 3. Bb5 Nf6 4. Bxc6 dxc6 5. d3 Bg4 6. Nbd2 Nd7 7. h3 Bh5 8. b3 e5 9. Bb2 Bd6 10. Qe2 Qe7 11. Qe3 Bxf3 12. Nxf3 f6 13. g4 0-0-0 14. 0-0-0 Nf8 15. Kb1 Ne6 16. Rhg1 Rdf8 17. h4 Nd4 18. Ne1 g6 19. a3 f5 20. gxf5 gxf5 21. c3 Nxb3 1/2-1/2

[Event "EU-ch Online U2300 Qual"]
[Site "Chess.com INT"]
[Date "2020.05.25"]
[Round "4"]
[White "Morozov, Ivan"]
[Black "Kukucka, Matej"]
[Result "1-0"]
[WhiteElo "2069"]
[BlackElo "2107"]
[PlyCount "121"]
[EventDate "2020.05.25"]
[EventType "swiss"]
[EventRounds "8"]
[EventCountry "NET"]
[SourceTitle "EXT 2021"]
[Source "ChessBase"]
[SourceDate "2020.10.23"]
[SourceVersion "1"]
[SourceVersionDate "2020.10.23"]
[SourceQuality "1"]

1. d4 Nf6 2. Nf3 g6 3. c4 Bg7 4. Nc3 d5 5. cxd5 Nxd5 6. e4 Nxc3 7. bxc3 c5 8. Be2 Nc6 9. 0-0 cxd4 10. cxd4 Bg4 11. Bb2 Bxf3 12. Bxf3 Bxd4 13. Qb3 Qb6 14. Bxd4 Nxd4 15. Qa4+ Nc6 16. Rab1 Qc7 17. e5 0-0 18. e6 fxe6 19. Rfc1 Rac8 20. Bg4 Rf6 21. Qe4 Rcf8 22. Bxe6+ Kg7 23. f3 Qd6 24. Bd5 Rf4 25. Qe6 Qxe6 26. Bxe6 Nd4 27. Bc4 b6 28. Bd3 R8f7 29. Kf2 Nxf3 30. gxf3 Rxf3+ 31. Ke2 Rf2+ 32. Ke3 Rxh2 33. a4 Rh3+ 34. Ke4 Rff3 35. Bb5 Re3+ 36. Kd5 h5 37. Rc7 h4 38. Rxa7 Rh2 39. Kd4 Re6 40. Bc4 Rd6+ 41. Ke3 Rh3+ 42. Ke2 Rh2+ 43. Kf3 Kf6 44. Re1 Rd4 45. Bb5 Rh3+ 46. Ke2 Re4+ 47. Kd1 Rxe1+ 48. Kxe1 e5 49. Rb7 Kf5 50. Bd7+ Kf4 51. Bxh3 g5 52. Rxb6 g4 53. Bxg4 Kxg4 54. a5 Kh3 55. a6 e4 56. a7 e3 57. a8Q e2 58. Qf3+ Kh2 59. Rg6 h3 60. Qg3+ Kh1 61. Qg1# 1-0

[Event "SVK-chT2B 1920"]
[Site "Slovakia"]
[Date "2019.11.17"]
[Round "4.1"]
[White "Manik, Mikulas"]
[Black "Kukucka, Matej"]
[Result "1-0"]
[WhiteElo "2379"]
[BlackElo "2122"]
[PlyCount "37"]
[EventDate "2019.10.26"]
[EventType "team-tourn"]
[EventRounds "11"]
[EventCountry "SVK"]
[SourceTitle "CBM 193 Extra"]
[Source "ChessBase"]
[SourceDate "2020.01.31"]
[SourceVersion "1"]
[SourceVersionDate "2020.01.31"]
[SourceQuality "1"]
[WhiteTeam "Topolcany"]
[BlackTeam "Povazske Podhradie"]
[WhiteTeamCountry "SVK"]
[BlackTeamCountry "SVK"]

1. e4 e6 2. d4 d5 3. Nc3 Nc6 4. Nf3 Nf6 5. e5 Ne4 6. Ne2 f6 7. Ng3 fxe5 8. Bb5 exd4 9. Nxe4 dxe4 10. Nxd4 Bd7 11. Nxc6 Bxc6 12. Bxc6+ bxc6 13. Qh5+ g6 14. Qe5 Kf7 15. Qf4+ Kg7 16. Bd2 Bd6 17. Bc3+ e5 18. 0-0-0 Re8 19. Qxe4 1-0

[Event "SVK-chT2B 1920"]
[Site "Slovakia"]
[Date "2019.10.27"]
[Round "2.2"]
[White "Kukucka, Matej"]
[Black "Molnar, Erno"]
[Result "0-1"]
[WhiteElo "2122"]
[BlackElo "2228"]
[PlyCount "78"]
[EventDate "2019.10.26"]
[EventType "team-tourn"]
[EventRounds "11"]
[EventCountry "SVK"]
[SourceTitle "CBM 193 Extra"]
[Source "ChessBase"]
[SourceDate "2020.01.31"]
[SourceVersion "1"]
[SourceVersionDate "2020.01.31"]
[SourceQuality "1"]
[WhiteTeam "Povazske Podhradie"]
[BlackTeam "Komarno II"]
[WhiteTeamCountry "SVK"]
[BlackTeamCountry "SVK"]

1. d4 Nf6 2. c4 e6 3. Nc3 Bb4 4. e3 0-0 5. Bd3 d5 6. cxd5 Qxd5 7. Nf3 c5 8. 0-0 Bxc3 9. bxc3 b6 10. Ne5 Bb7 11. f3 cxd4 12. exd4 Nc6 13. Nxc6 Bxc6 14. Re1 Rac8 15. a4 Qd7 16. Bb2 Bd5 17. Ba6 Rc7 18. Qe2 Qc6 19. Bb5 Bc4 20. Qe5 Bxb5 21. axb5 Qd7 22. Ra4 Rfc8 23. Rea1 Nd5 24. c4 Rxc4 25. Rxc4 Rxc4 26. Qb8+ Qc8 27. Qxc8+ Rxc8 28. Rxa7 h5 29. Ra3 Rc2 30. Rb3 Kh7 31. Ba3 h4 32. Bd6 Rd2 33. f4 Kg6 34. Rh3 Kh5 35. g3 Kg4 36. Rxh4+ Kf3 37. h3 Rd1+ 38. Kh2 Ne3 39. f5 Nf1+ 0-1

[Event "SVK-chT1E 1819"]
[Site "Slovakia"]
[Date "2019.02.23"]
[Round "8.4"]
[White "Kukucka, Matej"]
[Black "Scherbak, Yaroslav"]
[Result "0-1"]
[WhiteElo "2099"]
[BlackElo "2197"]
[PlyCount "68"]
[EventDate "2018.10.27"]
[EventType "team-tourn"]
[EventRounds "11"]
[EventCountry "SVK"]
[SourceTitle "CBM 189 Extra"]
[Source "ChessBase"]
[SourceDate "2019.06.03"]
[SourceVersion "1"]
[SourceVersionDate "2019.06.03"]
[SourceQuality "1"]
[WhiteTeam "Kysucke Nove Mesto"]
[BlackTeam "Kosice Slavia TU II"]
[WhiteTeamCountry "SVK"]
[BlackTeamCountry "SVK"]

1. d4 Nf6 2. c4 e6 3. Nc3 Bb4 4. e3 b6 5. Bd3 Bb7 6. Nf3 Ne4 7. Qc2 f5 8. Bd2 Nxd2 9. Nxd2 Bxg2 10. Rg1 Bb7 11. 0-0-0 0-0 12. f3 Nc6 13. a3 Be7 14. f4 Bf6 15. d5 Ne7 16. e4 fxe4 17. Ndxe4 Nf5 18. Nxf6+ Qxf6 19. Ne4 Qh4 20. Qc3 Qxf4+ 21. Kb1 Qh6 22. Ng5 Qf6 23. Qc1 h6 24. Ne4 Qh4 25. Bc2 Rae8 26. Ng3 Kh8 27. dxe6 dxe6 28. Rd7 Re7 29. Rd2 Nxg3 30. hxg3 Qxc4 31. Qd1 Bd5 32. Rd4 Qa2+ 33. Kc1 Qa1+ 34. Bb1 Ba2 0-1

[Event "SVK-chT1E 1819"]
[Site "Slovakia"]
[Date "2019.01.13"]
[Round "6.2"]
[White "Kukucka, Matej"]
[Black "Haring, Viktor"]
[Result "1/2-1/2"]
[WhiteElo "2126"]
[BlackElo "2289"]
[PlyCount "46"]
[EventDate "2018.10.27"]
[EventType "team-tourn"]
[EventRounds "11"]
[EventCountry "SVK"]
[SourceTitle "CBM 188 Extra"]
[Source "ChessBase"]
[SourceDate "2019.02.26"]
[SourceVersion "1"]
[SourceVersionDate "2019.02.26"]
[SourceQuality "1"]
[WhiteTeam "Kysucke Nove Mesto"]
[BlackTeam "Banska Bystrica Junior"]
[WhiteTeamCountry "SVK"]
[BlackTeamCountry "SVK"]

1. Nf3 d5 2. d4 Nf6 3. c4 c6 4. Nc3 e6 5. cxd5 exd5 6. Bg5 Bb4 7. Qc2 h6 8. Bxf6 Qxf6 9. e3 0-0 10. Bd3 c5 11. 0-0 Bxc3 12. Qxc3 c4 13. Bc2 Bf5 14. Bxf5 Qxf5 15. b3 Rc8 16. bxc4 Rxc4 17. Qb3 Nc6 18. Qxb7 Rb8 19. Qc7 Rb2 20. Rac1 Rxc1 21. Rxc1 Qc2 22. Rf1 Rxa2 23. Qd7 a5 1/2-1/2

[Event "SVK-chT2B 1718"]
[Site "Slovakia"]
[Date "2017.10.29"]
[Round "2.2"]
[White "Zatko, Gregor"]
[Black "Kukucka, Matej"]
[Result "1-0"]
[WhiteElo "2167"]
[BlackElo "2103"]
[PlyCount "71"]
[EventDate "2017.10.28"]
[EventType "team-tourn"]
[EventRounds "11"]
[EventCountry "SVK"]
[SourceTitle "CBM 181 Extra"]
[Source "ChessBase"]
[SourceDate "2017.12.12"]
[SourceVersion "1"]
[SourceVersionDate "2017.12.12"]
[SourceQuality "1"]
[WhiteTeam "Levice"]
[BlackTeam "Povazske Podhradie"]
[WhiteTeamCountry "SVK"]
[BlackTeamCountry "SVK"]

1. d4 d5 2. Bg5 h6 3. Bh4 c6 4. Nc3 Nf6 5. f3 g5 6. Bf2 Bg7 7. Qd3 b6 8. 0-0-0 Ba6 9. Qd2 e6 10. h4 Nfd7 11. e4 b5 12. exd5 cxd5 13. hxg5 hxg5 14. Rxh8+ Bxh8 15. Bxb5 Bf6 16. Bxa6 Nxa6 17. Nxd5 exd5 18. Qe2+ Kf8 19. Qxa6 Nb6 20. Ne2 Rc8 21. Rd3 Rc4 22. b3 Rc8 23. Rc3 Rxc3 24. Nxc3 Qc7 25. Qd3 Qh2 26. Qf5 Qxg2 27. Qxf6 Qxf2 28. Qd8+ Kg7 29. Qxg5+ Kf8 30. Nxd5 Qxd4 31. Qh6+ Ke8 32. Qe3+ Qxe3+ 33. Nxe3 Kd7 34. Kd2 Kc6 35. c4 a5 36. Kc3 1-0

[Event "SVK-chT1E 1617"]
[Site "Slovakia"]
[Date "2016.10.15"]
[Round "1.3"]
[White "Kukucka, Matej"]
[Black "Skreno, Vladimir"]
[Result "0-1"]
[WhiteElo "2146"]
[BlackElo "2209"]
[PlyCount "78"]
[EventDate "2016.10.15"]
[EventType "team-tourn"]
[EventRounds "11"]
[EventCountry "SVK"]
[SourceTitle "CBM 175 Extra"]
[Source "ChessBase"]
[SourceDate "2016.12.12"]
[SourceVersion "1"]
[SourceVersionDate "2016.12.12"]
[SourceQuality "1"]
[WhiteTeam "Kysucke Nove Mesto"]
[BlackTeam "Michalovce Zemplin"]
[WhiteTeamCountry "SVK"]
[BlackTeamCountry "SVK"]

1. e4 c5 2. Nc3 Nc6 3. Bb5 Nd4 4. Bc4 g6 5. Nge2 Bg7 6. Nxd4 cxd4 7. Qf3 e6 8. Nb5 d6 9. Qa3 Ke7 10. c3 dxc3 11. bxc3 a6 12. Nd4 Qc7 13. Be2 e5 14. Nf3 Bg4 15. 0-0 Rc8 16. Rb1 Nf6 17. d4 Bxf3 18. Bxf3 Nd7 19. Bg4 exd4 20. e5 Bxe5 21. cxd4 Bxd4 22. Bg5+ f6 23. Rfe1+ Ne5 24. Qf3 fxg5 25. Rxb7 Bxf2+ 26. Kh1 Bxe1 27. Qe4 Ba5 28. Bxc8 Rxc8 29. h4 gxh4 30. Qxh4+ Kf8 31. Rxc7 Rxc7 32. Qd8+ Kg7 33. Kh2 Nf7 34. Qh4 Bc3 35. Qa4 a5 36. g3 Rc5 37. Qd7 Be5 38. Qa7 Rc2+ 39. Kh1 Rxa2 0-1

[Event "SVK-chT2B 1617"]
[Site "Slovakia"]
[Date "2016.10.08"]
[Round "1.1"]
[White "Szegi, Tamas"]
[Black "Kukucka, Matej"]
[Result "1/2-1/2"]
[WhiteElo "2169"]
[BlackElo "2146"]
[PlyCount "30"]
[EventDate "2016.10.08"]
[EventType "team-tourn"]
[EventRounds "11"]
[EventCountry "SVK"]
[SourceTitle "CBM 175 Extra"]
[Source "ChessBase"]
[SourceDate "2016.12.12"]
[SourceVersion "1"]
[SourceVersionDate "2016.12.12"]
[SourceQuality "1"]
[WhiteTeam "Batorove Kosihy"]
[BlackTeam "Povazske Podhradie"]
[WhiteTeamCountry "SVK"]
[BlackTeamCountry "SVK"]

1. e4 c5 2. c3 Nf6 3. e5 Nd5 4. d4 cxd4 5. Nf3 Nc6 6. Bc4 Nb6 7. Bb3 d5 8. exd6 Qxd6 9. cxd4 Be6 10. 0-0 Bxb3 11. Qxb3 e6 12. Nc3 Be7 13. a4 0-0 14. a5 Nd5 15. Ne4 Qd7 1/2-1/2